000 01217nam0a2200301 4500
001 RU\NLR\bibl\886346
005 20260406054658.0
010 _a5-9709-0121-0
_915000
021 _aRU
_b2005-56599
_92766
035 _a(NLR Aleph) 000874877
090 _a1622474
_c1622474
100 _a20051209d2005 |||y0rusy50 ca
101 0 _arus
102 _aRU
105 _ay |||||||||
200 1 _aИстория человеческих рас
_e[эзотерический взгляд на эволюцию человечества]
_fАлла Тер-Акопян
210 _aЕкатеринбург
_cУ-Фактория
_d2005
215 _a165, [1] с.
_d20
225 1 _aСокровенные знания
300 _aНа 4-й с. обл.авт.: А.К. Тер-Акопян, чл. Союза писателей, переводчица и поэтесса
606 1 _aРасы
_xИстория
_92348919
_3RU\NLR\auth\661403469
686 _aЕ782г
700 1 _4070
_8rus
_7ca
_aТер-Акопян
_bА. К.
_f1940-
_gАлла Константиновна
_3RU\NLR\auth\779177
_9119032
801 0 _aRU
_bNLR
_c20051209
_grcr
801 1 _aRU
_bNLR
_c20051209
942 _cBOOK
980 _aNB